交通系ICカード全国相互利用サービスで乗れるバス会社 - Statistics

General Stats
  • This quiz has been taken 347 times
    341 since last reset
  • The average score is 54 of 230
Answer Stats
会社名 % Correct
PASMOエリア 東京都交通局
73%
PASMOエリア 西武バス
73%
PASMOエリア 東急バス
71%
PASMOエリア 小田急バス
71%
PASMOエリア 京王バス
71%
PASMOエリア 京成バス
71%
manacaエリア 名鉄バス
69%
PiTaPaエリア 阪急バス
68%
PASMOエリア 神奈川中央交通
62%
PiTaPaエリア 南海バス
62%
PiTaPaエリア 京阪バス
61%
PiTaPaエリア 阪神バス
61%
PiTaPaエリア 近鉄バス
61%
PASMOエリア 横浜市交通局
60%
manacaエリア 名古屋市交通局
59%
PiTaPaエリア 京都市交通局
57%
nimocaエリア 西日本鉄道
56%
Suicaエリア 仙台市交通局
54%
PASMOエリア 京浜急行バス
53%
PASMOエリア 国際興業バス
53%
PiTaPaエリア 大阪シティバス
52%
PASMOエリア 川崎市交通局
50%
PiTaPaエリア 三重交通
50%
PASMOエリア 関東バス
47%
PASMOエリア 関東鉄道
45%
PASMOエリア 東海バス
44%
PASMOエリア 東武バスセントラル
44%
PiTaPaエリア 奈良交通
44%
Suicaエリア 宮城交通
43%
Suicaエリア 新潟交通
43%
PASMOエリア 西東京バス
43%
PASMOエリア 伊豆箱根バス
43%
PiTaPaエリア 神戸市交通局
43%
PiTaPaエリア 神姫バス
43%
ICOCAエリア 広島電鉄
43%
PASMOエリア 東武バスウエスト
42%
PiTaPaエリア 京都バス
40%
Suicaエリア 岩手県交通
39%
Suicaエリア 関東自動車
39%
PASMOエリア 箱根登山バス
39%
nimocaエリア 函館バス
39%
PASMOエリア 相鉄バス
38%
PASMOエリア 朝日自動車
38%
PiTaPaエリア しずてつジャストライン
38%
Suicaエリア 北海道中央バス
36%
Suicaエリア ジェイアールバス関東
36%
PiTaPaエリア 和歌山バス
36%
nimocaエリア 宮崎交通
36%
PASMOエリア 江ノ電バス
35%
PASMOエリア 富士急バス
35%
PASMOエリア 関越交通
34%
PASMOエリア 山梨交通
34%
PASMOエリア 千葉交通
34%
ICOCAエリア 近江鉄道
34%
PASMOエリア 東武バス日光
33%
PASMOエリア 立川バス
32%
PASMOエリア 小湊鐵道
32%
Suicaエリア じょうてつ
31%
PASMOエリア 東急トランセ
31%
Suicaエリア ミヤコーバス
30%
PASMOエリア 川崎鶴見臨港バス
30%
PASMOエリア 西武観光バス
30%
PiTaPaエリア 高槻市交通部
30%
PiTaPaエリア 伊丹市交通局
30%
PiTaPaエリア 京阪京都交通
30%
ICOCAエリア 広島バス
30%
nimocaエリア 西鉄バス北九州
30%
PASMOエリア 京成タウンバス
29%
nimocaエリア 大分交通
29%
Suicaエリア 弘南バス
28%
PASMOエリア 京王電鉄バス
28%
SUGOCAエリア 熊本バス
28%
Suicaエリア ジェイアールバス東北
27%
PASMOエリア 国際十王交通
27%
PASMOエリア 日東交通
27%
ICOCAエリア 広島交通
27%
nimocaエリア 西鉄バス久留米
27%
Suicaエリア 秋北バス
26%
PASMOエリア 神奈川中央交通西
26%
PiTaPaエリア 西日本ジェイアールバス
26%
nimocaエリア サンデン交通
26%
Suicaエリア 秋田中央交通
25%
Suicaエリア 群馬バス
25%
Suicaエリア 越後交通
25%
PASMOエリア 成田空港交通
25%
PASMOエリア 東京空港交通
25%
ICOCAエリア 岡山電気軌道
25%
PASMOエリア 関鉄グリーンバス
24%
PiTaPaエリア 山陽バス
24%
Suicaエリア 庄内交通
23%
PASMOエリア 神奈川中央交通東
23%
PASMOエリア 川越観光自動車
23%
PASMOエリア 東京ベイシティ交通
23%
PASMOエリア ちばレインボーバス
23%
PASMOエリア 松戸新京成バス
23%
PASMOエリア 関鉄パープルバス
23%
ICOCAエリア ことでんバス
23%
nimocaエリア 西鉄バス佐賀
23%
PASMOエリア 船橋新京成バス
22%
PiTaPaエリア 京都京阪バス
22%
nimocaエリア 西鉄バス筑豊
22%
nimocaエリア 大分バス
22%
Suicaエリア 岩手県北自動車
21%
PASMOエリア 京成バスシステム
21%
PASMOエリア 京成トランジットバス
21%
PASMOエリア ちばフラワーバス
21%
PiTaPaエリア 和歌山バス那賀
21%
nimocaエリア 西鉄バス大牟田
21%
nimocaエリア 佐賀市交通局
21%
nimocaエリア 長崎県交通局
21%
Suicaエリア ジェイ・アール北海道バス
20%
PASMOエリア 東洋バス
20%
ICOCAエリア 中国バス
20%
nimocaエリア 亀の井バス
20%
SUGOCAエリア 九州産交バス
20%
PASMOエリア 茨城急行自動車
19%
PASMOエリア 阪東自動車
19%
PiTaPaエリア 下津井電鉄
19%
Suicaエリア 山交バス
18%
Suicaエリア 日本中央バス
18%
PASMOエリア 千葉海浜交通
18%
PASMOエリア 千葉内陸バス
18%
ICOCAエリア 中国ジェイアールバス
18%
ICOCAエリア 一畑バス
18%
nimocaエリア 北九州市交通局
18%
nimocaエリア 西鉄バス二日市
18%
SUGOCAエリア 産交バス
18%
nimocaエリア JR九州バス
18%
Suicaエリア 群馬中央バス
17%
PASMOエリア 平和交通
17%
manacaエリア 知多乗合
17%
PiTaPaエリア 江若交通
17%
SUGOCAエリア 熊本都市バス
17%
SUGOCAエリア 長崎自動車
17%
Suicaエリア 青森市企業局
16%
PASMOエリア フジエクスプレス
16%
PASMOエリア 富士急湘南バス
16%
PASMOエリア 富士急静岡バス
16%
PASMOエリア ちばシティバス
16%
PASMOエリア 千葉中央バス
16%
PASMOエリア 千葉シーサイドバス
16%
PiTaPaエリア 南海りんかんバス
16%
nimocaエリア 日田バス
16%
PiTaPaエリア 神姫グリーンバス
15%
PiTaPaエリア 淡路交通
15%
ICOCAエリア 鞆鉄道
15%
nimocaエリア 昭和自動車
15%
PASMOエリア 小田急ハイウェイバス
14%
PASMOエリア 関鉄観光バス
14%
PiTaPaエリア 関西空港交通
14%
PiTaPaエリア 中鉄バス
14%
ICOCAエリア 湖国バス
14%
ICOCAエリア 松江市交通局
14%
ICOCAエリア 宇部市交通局
14%
nimocaエリア 西鉄バス宗像
14%
PASMOエリア 東京BRT
14%
Suicaエリア 十和田観光電鉄
13%
PASMOエリア 富士急シティバス
13%
PASMOエリア 日立自動車交通
13%
PiTaPaエリア 阪急観光バス
13%
PiTaPaエリア 神鉄バス
13%
ICOCAエリア おのみちバス
13%
ICOCAエリア 芸陽バス
13%
ICOCAエリア いわくにバス
13%
Suicaエリア 八戸市交通部
12%
Suicaエリア 秋田中央トランスポート
12%
Suicaエリア 永井運輸
12%
Suicaエリア 新潟交通観光バス
12%
PASMOエリア 横浜交通開発
12%
PiTaPaエリア 南海ウイングバス
12%
nimocaエリア 祐徳自動車
12%
PASMOエリア イーグルバス
11%
PiTaPaエリア 八風バス
11%
nimocaエリア 西肥自動車
11%
Suicaエリア 頸城自動車
10%
PASMOエリア 富士急モビリティ
10%
PASMOエリア あすか交通
10%
PiTaPaエリア エヌシーバス
10%
PiTaPaエリア 神姫ゾーンバス
10%
SUGOCAエリア 熊本電気鉄道
10%
Suicaエリア 上信観光バス
9%
PiTaPaエリア ウエスト神姫
9%
ICOCAエリア 井笠バスカンパニー
9%
ICOCAエリア 備北交通
9%
ICOCAエリア 石見交通
9%
PiTaPaエリア 尼崎交通事業振興
8%
PiTaPaエリア 三交伊勢志摩交通
8%
PiTaPaエリア 三重急行自動車
8%
PASMOエリア 西岬観光
7%
PiTaPaエリア 両備バスカンパニー
7%
ICOCAエリア エイチ・ディー西広島
7%
ICOCAエリア 広交観光
7%
nimocaエリア させぼバス
7%
Suicaエリア 山交ハイヤー
5%
Suicaエリア 日本中央交通
5%
Suicaエリア 矢島タクシー
5%
manacaエリア 名古屋ガイドウェイバス
5%
PiTaPaエリア 本四海峡バス
5%
ICOCAエリア 江田島バス
5%
ICOCAエリア さんようバス
5%
ICOCAエリア 富士交通
5%
nimocaエリア 長崎県央バス
5%
Suicaエリア 八洲交通
4%
Suicaエリア 青森観光バス
4%
Suicaエリア 泉観光バス
4%
manacaエリア オーワ
4%
ICOCAエリア 朝日交通
4%
ICOCAエリア 呉交通
4%
ICOCAエリア 小豆島オリーブバス
4%
SUGOCAエリア さいかい交通
4%
Suicaエリア 蒲原鉄道
3%
Suicaエリア ジェイアールバステック
3%
ICOCAエリア 廿日市交通
3%
ICOCAエリア 廿日市カープタクシー
3%
ICOCAエリア 君田交通
3%
nimocaエリア 九州急行バス
3%
Suicaエリア 高尾ハイヤー
2%
Suicaエリア キングタクシー
2%
Suicaエリア アイ・ケーアライアンス
2%
PASMOエリア 石川タクシー富士
2%
manacaエリア 豊栄交通
2%
ICOCAエリア ひろでんモビリティサービス
2%
ICOCAエリア フォーブル
2%
ICOCAエリア 瀬戸内産交
2%
ICOCAエリア なべタクシー
2%
ICOCAエリア 野呂山タクシー
2%
ICOCAエリア 東和交通
2%
ICOCAエリア 倉橋交通
2%
Suicaエリア 村正運輸
1%
Suicaエリア 辻自動車
1%
No matching quizzes found
Score Distribution
Percent of People with Each Score
Percentile by Number Answered
Your Score History
You have not taken this quiz since the last reset